[Event "Open"]
[Site "Saint Louis, US"]
[Date "2025.10.12"]
[Round "1"]
[White "Sevian, Samuel"]
[Black "Shankland, Sam"]
[Result "1/2-1/2"]
[Board "1"]
[WhiteFideId "2040506"]
[BlackFideId "2004887"]
[WhiteTitle "GM"]
[BlackTitle "GM"]
[WhiteElo "2698"]
[BlackElo "2654"]
[WhiteTeam "USA"]
[BlackTeam "USA"]
[WhiteClock "0:02:57"]
[BlackClock "0:23:09"]
[Variant "Standard"]

1. e4 {[%clk 1:30:54]}  c6 {[%clk 1:30:48]} 2. d4 {[%clk 1:31:07]}  d5 {[%clk 1:31:14]} 3. e5 {[%clk 1:30:39]}  Bf5 {[%clk 1:31:38]} 4. h4 {[%clk 1:30:02]}  h5 {[%clk 1:32:01]} 5. Bd3 {[%clk 1:29:18]}  Bxd3 {[%clk 1:32:22]} 6. Qxd3 {[%clk 1:29:42]}  Qa5+ {[%clk 1:32:37]} 7. Nd2 {[%clk 1:27:13]}  e6 {[%clk 1:33:02]} 8. Ngf3 {[%clk 1:25:36]}  Nh6 {[%clk 1:33:03]} 9. c3 {[%clk 1:15:37]}  Qa6 {[%clk 1:30:10]} 10. Qxa6 {[%clk 1:15:31]}  Nxa6 {[%clk 1:30:35]} 11. b4 {[%clk 1:15:51]}  Nf5 {[%clk 1:26:12]} 12. Nb3 {[%clk 1:13:23]}  Be7 {[%clk 1:23:05]} 13. a4 {[%clk 1:11:23]}  b6 {[%clk 1:19:22]} 14. g3 {[%clk 1:05:37]}  Nb8 {[%clk 1:14:56]} 15. O-O {[%clk 0:54:31]}  Nd7 {[%clk 1:13:15]} 16. Bd2 {[%clk 0:35:38]}  c5 {[%clk 1:05:21]} 17. dxc5 {[%clk 0:30:29]}  bxc5 {[%clk 1:05:47]} 18. Na5 {[%clk 0:30:55]}  Nb6 {[%clk 1:01:56]} 19. Rfc1 {[%clk 0:27:17]}  Kd7 {[%clk 0:59:32]} 20. c4 {[%clk 0:22:01]}  cxb4 {[%clk 0:43:43]} 21. c5 {[%clk 0:21:35]}  Nc4 {[%clk 0:44:08]} 22. Nxc4 {[%clk 0:21:00]}  dxc4 {[%clk 0:44:33]} 23. Bxb4 {[%clk 0:21:23]}  Kc6 {[%clk 0:44:46]} 24. Rxc4 {[%clk 0:18:47]}  Rhd8 {[%clk 0:44:43]} 25. Kf1 {[%clk 0:14:54]}  Rd5 {[%clk 0:42:53]} 26. Rac1 {[%clk 0:12:41]}  Rad8 {[%clk 0:41:55]} 27. Ke2 {[%clk 0:12:44]}  R8d7 {[%clk 0:33:44]} 28. Re4 {[%clk 0:09:06]}  Nd4+ {[%clk 0:29:42]} 29. Nxd4+ {[%clk 0:08:28]}  Rxd4 {[%clk 0:30:07]} 30. Rc4 {[%clk 0:05:39]}  Rxc4 {[%clk 0:30:02]} 31. Rxc4 {[%clk 0:06:04]}  Rd5 {[%clk 0:28:37]} 32. f4 {[%clk 0:05:55]}  Bxc5 {[%clk 0:21:11]} 33. Bxc5 {[%clk 0:02:11]}  Rxc5 {[%clk 0:21:36]} 34. Kd3 {[%clk 0:01:30]}  a5 {[%clk 0:20:58]} 35. Kd4 {[%clk 0:01:05]}  Rxc4+ {[%clk 0:21:24]} 36. Kxc4 {[%clk 0:01:33]}  g6 {[%clk 0:21:45]} 37. Kd4 {[%clk 0:02:00]}  Kb6 {[%clk 0:22:12]} 38. Kc4 {[%clk 0:02:21]}  Kc6 {[%clk 0:22:38]} 39. Kd4 {[%clk 0:02:48]}  Kb6 {[%clk 0:23:05]} 40. Kc4 {[%clk 0:02:57]}  Kc6 {[%clk 0:23:09]} 1/2-1/2

[Event "Open"]
[Site "Saint Louis, US"]
[Date "2025.10.12"]
[Round "1"]
[White "So, Wesley"]
[Black "Niemann, Hans Moke"]
[Result "1/2-1/2"]
[Board "2"]
[WhiteFideId "5202213"]
[BlackFideId "2093596"]
[WhiteTitle "GM"]
[BlackTitle "GM"]
[WhiteElo "2756"]
[BlackElo "2738"]
[WhiteTeam "USA"]
[BlackTeam "USA"]
[WhiteClock "0:30:46"]
[BlackClock "1:12:37"]
[Variant "Standard"]

1. e4 {[%clk 1:30:51]}  e5 {[%clk 1:30:43]} 2. Nf3 {[%clk 1:31:15]}  Nc6 {[%clk 1:31:02]} 3. Bc4 {[%clk 1:31:36]}  Nf6 {[%clk 1:31:18]} 4. d3 {[%clk 1:31:50]}  Bc5 {[%clk 1:31:39]} 5. O-O {[%clk 1:32:01]}  O-O {[%clk 1:31:06]} 6. Nbd2 {[%clk 1:30:22]}  d6 {[%clk 1:30:57]} 7. c3 {[%clk 1:30:37]}  a5 {[%clk 1:30:56]} 8. h3 {[%clk 1:30:05]}  Ba7 {[%clk 1:30:48]} 9. Re1 {[%clk 1:26:39]}  Ne7 {[%clk 1:30:29]} 10. Bb3 {[%clk 1:20:53]}  Ng6 {[%clk 1:26:14]} 11. Nf1 {[%clk 1:12:59]}  c6 {[%clk 1:25:38]} 12. Ng3 {[%clk 1:12:59]}  d5 {[%clk 1:25:31]} 13. exd5 {[%clk 1:07:18]}  Nxd5 {[%clk 1:25:27]} 14. d4 {[%clk 1:07:40]}  exd4 {[%clk 1:25:27]} 15. Nxd4 {[%clk 1:08:05]}  Be6 {[%clk 1:25:05]} 16. Ne4 {[%clk 1:01:20]}  Bxd4 {[%clk 1:23:57]} 17. Qxd4 {[%clk 0:59:25]}  Ndf4 {[%clk 1:24:05]} 18. Qxd8 {[%clk 0:46:35]}  Rfxd8 {[%clk 1:24:12]} 19. Bc2 {[%clk 0:39:38]}  Bc4 {[%clk 1:18:19]} 20. b3 {[%clk 0:33:09]}  Bd3 {[%clk 1:17:42]} 21. Bxf4 {[%clk 0:33:25]}  Nxf4 {[%clk 1:15:40]} 22. Bxd3 {[%clk 0:33:50]}  Nxd3 {[%clk 1:15:50]} 23. Re3 {[%clk 0:32:40]}  Nf4 {[%clk 1:12:03]} 24. Ree1 {[%clk 0:30:09]}  Nd3 {[%clk 1:12:12]} 25. Re3 {[%clk 0:30:35]}  Nf4 {[%clk 1:12:34]} 26. Ree1 {[%clk 0:31:00]}  Nd3 {[%clk 1:12:37]} 27. Re3 {[%clk 0:30:46]} 1/2-1/2

[Event "Open"]
[Site "Saint Louis, US"]
[Date "2025.10.12"]
[Round "1"]
[White "Caruana, Fabiano"]
[Black "Oparin, Grigoriy"]
[Result "1-0"]
[Board "3"]
[WhiteFideId "2020009"]
[BlackFideId "24125890"]
[WhiteTitle "GM"]
[BlackTitle "GM"]
[WhiteElo "2789"]
[BlackElo "2661"]
[WhiteTeam "USA"]
[BlackTeam "USA"]
[WhiteClock "0:24:48"]
[BlackClock "0:12:49"]
[Variant "Standard"]

1. d4 {[%clk 1:30:55]}  Nf6 {[%clk 1:30:53]} 2. c4 {[%clk 1:31:20]}  e6 {[%clk 1:31:19]} 3. Nc3 {[%clk 1:31:46]}  Bb4 {[%clk 1:31:45]} 4. Qc2 {[%clk 1:32:11]}  d5 {[%clk 1:31:09]} 5. a3 {[%clk 1:31:55]}  Bxc3+ {[%clk 1:31:34]} 6. bxc3 {[%clk 1:32:17]}  c6 {[%clk 1:26:29]} 7. Nf3 {[%clk 1:30:27]}  b6 {[%clk 1:20:49]} 8. Bg5 {[%clk 1:27:35]}  h6 {[%clk 1:16:46]} 9. Bh4 {[%clk 1:30:05]}  Nbd7 {[%clk 1:05:09]} 10. e3 {[%clk 1:18:52]}  O-O {[%clk 1:00:39]} 11. g4 {[%clk 1:11:51]}  Qe8 {[%clk 0:42:01]} 12. g5 {[%clk 1:07:21]}  hxg5 {[%clk 0:42:26]} 13. Nxg5 {[%clk 1:07:48]}  e5 {[%clk 0:40:47]} 14. cxd5 {[%clk 0:51:32]}  cxd5 {[%clk 0:41:13]} 15. Bb5 {[%clk 0:51:59]}  e4 {[%clk 0:34:50]} 16. Rg1 {[%clk 0:45:52]}  Bb7 {[%clk 0:29:31]} 17. Nh3 {[%clk 0:44:48]}  Nh7 {[%clk 0:25:10]} 18. Qe2 {[%clk 0:24:45]}  Qc8 {[%clk 0:23:06]} 19. Kd2 {[%clk 0:25:11]}  Nc5 {[%clk 0:15:15]} 20. dxc5 {[%clk 0:25:29]}  Qxh3 {[%clk 0:15:41]} 21. Qh5 {[%clk 0:24:26]}  g6 {[%clk 0:12:51]} 22. c6 {[%clk 0:24:07]}  Bc8 {[%clk 0:11:27]} 23. Rxg6+ {[%clk 0:24:03]}  fxg6 {[%clk 0:11:53]} 24. Qxg6+ {[%clk 0:24:30]}  Kh8 {[%clk 0:12:19]} 25. Rg1 {[%clk 0:24:57]}  Bg4 {[%clk 0:12:22]} 26. Rxg4 {[%clk 0:25:22]}  Rf7 {[%clk 0:12:49]} 27. Bg3 {[%clk 0:24:48]} 1-0

[Event "Open"]
[Site "Saint Louis, US"]
[Date "2025.10.12"]
[Round "1"]
[White "Woodward, Andy"]
[Black "Aronian, Levon"]
[Result "0-1"]
[Board "4"]
[WhiteFideId "30953499"]
[BlackFideId "13300474"]
[WhiteTitle "GM"]
[BlackTitle "GM"]
[WhiteElo "2590"]
[BlackElo "2722"]
[WhiteTeam "USA"]
[BlackTeam "USA"]
[WhiteClock "0:00:56"]
[BlackClock "0:51:16"]
[Variant "Standard"]

1. d4 {[%clk 1:30:56]}  d5 {[%clk 1:30:56]} 2. c4 {[%clk 1:31:17]}  c6 {[%clk 1:31:22]} 3. Nf3 {[%clk 1:30:38]}  Nf6 {[%clk 1:31:43]} 4. e3 {[%clk 1:31:00]}  Bg4 {[%clk 1:31:02]} 5. Nc3 {[%clk 1:30:53]}  e6 {[%clk 1:31:12]} 6. h3 {[%clk 1:31:10]}  Bh5 {[%clk 1:29:39]} 7. Qb3 {[%clk 1:28:33]}  Qb6 {[%clk 1:27:32]} 8. Ne5 {[%clk 1:16:12]}  Nfd7 {[%clk 1:27:17]} 9. Nd3 {[%clk 1:14:44]}  Bg6 {[%clk 1:26:59]} 10. Bd2 {[%clk 1:11:35]}  Be7 {[%clk 1:21:09]} 11. Rc1 {[%clk 1:02:01]}  Qxb3 {[%clk 1:16:39]} 12. axb3 {[%clk 1:02:15]}  Na6 {[%clk 1:16:51]} 13. Nf4 {[%clk 0:57:51]}  Nb4 {[%clk 1:16:49]} 14. Be2 {[%clk 0:41:27]}  a5 {[%clk 1:16:25]} 15. O-O {[%clk 0:40:20]}  O-O {[%clk 1:14:53]} 16. Nxg6 {[%clk 0:39:47]}  hxg6 {[%clk 1:15:18]} 17. Ra1 {[%clk 0:35:47]}  Nc2 {[%clk 1:15:08]} 18. Rab1 {[%clk 0:34:55]}  Nb4 {[%clk 1:15:31]} 19. Rfc1 {[%clk 0:34:20]}  Rfd8 {[%clk 1:15:18]} 20. Ra1 {[%clk 0:34:17]}  dxc4 {[%clk 1:12:17]} 21. bxc4 {[%clk 0:19:40]}  Nc5 {[%clk 1:11:58]} 22. Bd1 {[%clk 0:13:03]}  e5 {[%clk 1:09:41]} 23. Ne2 {[%clk 0:12:12]}  exd4 {[%clk 1:06:23]} 24. exd4 {[%clk 0:10:14]}  Ne6 {[%clk 1:06:43]} 25. Bc3 {[%clk 0:06:18]}  Bg5 {[%clk 1:00:10]} 26. Rcb1 {[%clk 0:06:41]}  Bf6 {[%clk 1:00:34]} 27. d5 {[%clk 0:05:57]}  cxd5 {[%clk 1:00:44]} 28. Bxb4 {[%clk 0:04:41]}  axb4 {[%clk 1:01:11]} 29. Rxa8 {[%clk 0:05:04]}  Rxa8 {[%clk 1:01:36]} 30. cxd5 {[%clk 0:05:28]}  Nc5 {[%clk 1:02:02]} 31. Nc1 {[%clk 0:05:25]}  Kf8 {[%clk 1:01:23]} 32. Be2 {[%clk 0:01:21]}  Rd8 {[%clk 0:57:00]} 33. Bc4 {[%clk 0:00:56]}  b5 {[%clk 0:55:51]} 34. Ba2 {[%clk 0:00:31]}  Ra8 {[%clk 0:53:19]} 35. d6 {[%clk 0:00:32]}  Ra6 {[%clk 0:52:24]} 36. Nb3 {[%clk 0:00:31]}  Ne4 {[%clk 0:48:48]} 37. Rc1 {[%clk 0:00:36]}  Nxd6 {[%clk 0:49:14]} 38. Bb1 {[%clk 0:00:57]}  Nc4 {[%clk 0:48:02]} 39. Nc5 {[%clk 0:01:00]}  Ra1 {[%clk 0:47:56]} 40. Nb3 {[%clk 0:01:01]}  Ra7 {[%clk 0:47:34]} 41. Rd1 {[%clk 0:01:03]}  Bxb2 {[%clk 0:42:16]} 42. Rd5 {[%clk 0:28:17]}  Ke7 {[%clk 1:12:02]} 43. Kf1 {[%clk 0:17:53]}  Ra3 {[%clk 1:10:27]} 44. Bc2 {[%clk 0:18:00]}  Bc3 {[%clk 1:10:51]} 45. Bd1 {[%clk 0:13:23]}  Nd6 {[%clk 1:09:07]} 46. Nc5 {[%clk 0:12:39]}  Ra1 {[%clk 1:07:52]} 47. Ke2 {[%clk 0:10:50]}  f5 {[%clk 1:05:14]} 48. g4 {[%clk 0:09:51]}  Bf6 {[%clk 1:01:55]} 49. Bb3 {[%clk 0:08:21]}  Rb1 {[%clk 0:59:51]} 50. Rd1 {[%clk 0:06:55]}  Rb2+ {[%clk 0:59:29]} 51. Rd2 {[%clk 0:07:09]}  Rxd2+ {[%clk 0:56:56]} 52. Kxd2 {[%clk 0:07:37]}  Nc4+ {[%clk 0:56:23]} 53. Kd1 {[%clk 0:05:47]}  Na5 {[%clk 0:50:38]} 54. Kc2 {[%clk 0:04:00]}  Kd6 {[%clk 0:48:15]} 55. Nd3 {[%clk 0:04:29]}  Nxb3 {[%clk 0:48:20]} 56. Kxb3 {[%clk 0:04:56]}  Kd5 {[%clk 0:48:38]} 57. Nf4+ {[%clk 0:01:14]}  Ke4 {[%clk 0:49:02]} 58. Nxg6 {[%clk 0:01:40]}  f4 {[%clk 0:49:28]} 59. h4 {[%clk 0:01:02]}  Bd4 {[%clk 0:49:51]} 60. h5 {[%clk 0:00:49]}  Bxf2 {[%clk 0:50:06]} 61. g5 {[%clk 0:00:36]}  f3 {[%clk 0:50:26]} 62. h6 {[%clk 0:00:33]}  gxh6 {[%clk 0:50:50]} 63. gxh6 {[%clk 0:00:56]}  Bd4 {[%clk 0:51:16]} 0-1

[Event "Open"]
[Site "Saint Louis, US"]
[Date "2025.10.12"]
[Round "1"]
[White "Liang, Awonder"]
[Black "Mishra, Abhimanyu"]
[Result "1/2-1/2"]
[Board "5"]
[WhiteFideId "2056437"]
[BlackFideId "30920019"]
[WhiteTitle "GM"]
[BlackTitle "GM"]
[WhiteElo "2710"]
[BlackElo "2652"]
[WhiteTeam "USA"]
[BlackTeam "USA"]
[WhiteClock "0:06:05"]
[BlackClock "0:04:07"]
[Variant "Standard"]

1. c4 {[%clk 1:30:59]}  g6 {[%clk 1:30:57]} 2. Nc3 {[%clk 1:30:25]}  c5 {[%clk 1:31:14]} 3. e3 {[%clk 1:30:44]}  Bg7 {[%clk 1:30:21]} 4. d4 {[%clk 1:31:02]}  cxd4 {[%clk 1:27:17]} 5. exd4 {[%clk 1:31:15]}  Nf6 {[%clk 1:27:42]} 6. d5 {[%clk 1:31:08]}  O-O {[%clk 1:26:07]} 7. Nf3 {[%clk 1:31:32]}  e6 {[%clk 1:22:04]} 8. Be2 {[%clk 1:31:57]}  exd5 {[%clk 1:22:16]} 9. cxd5 {[%clk 1:32:26]}  d6 {[%clk 1:22:17]} 10. O-O {[%clk 1:30:40]}  Nbd7 {[%clk 1:18:11]} 11. Be3 {[%clk 1:25:11]}  Nc5 {[%clk 1:11:40]} 12. Rc1 {[%clk 1:33:50]}  Bd7 {[%clk 1:02:25]} 13. Re1 {[%clk 1:32:08]}  Re8 {[%clk 1:00:18]} 14. Bf1 {[%clk 1:29:26]}  Qb6 {[%clk 0:53:29]} 15. Nd2 {[%clk 1:06:29]}  Ng4 {[%clk 0:51:44]} 16. Nc4 {[%clk 1:06:31]}  Nxe3 {[%clk 0:45:38]} 17. Rxe3 {[%clk 0:57:02]}  Qb4 {[%clk 0:35:27]} 18. Rxe8+ {[%clk 1:03:24]}  Bxe8 {[%clk 0:35:03]} 19. a3 {[%clk 0:56:37]}  Qb3 {[%clk 0:35:18]} 20. Qxb3 {[%clk 0:57:01]}  Nxb3 {[%clk 0:35:41]} 21. Re1 {[%clk 0:57:26]}  Nc5 {[%clk 0:25:00]} 22. Nxd6 {[%clk 0:56:57]}  Bd7 {[%clk 0:24:51]} 23. Re3 {[%clk 0:52:12]}  Bd4 {[%clk 0:19:00]} 24. Rf3 {[%clk 0:50:01]}  Bg4 {[%clk 0:15:19]} 25. Rf4 {[%clk 0:43:03]}  Be5 {[%clk 0:15:40]} 26. Rxg4 {[%clk 0:43:31]}  Bxd6 {[%clk 0:16:05]} 27. Rc4 {[%clk 0:43:10]}  Rd8 {[%clk 0:06:11]} 28. Nb5 {[%clk 0:38:20]}  Bf8 {[%clk 0:12:08]} 29. b4 {[%clk 0:29:29]}  Nb3 {[%clk 0:10:54]} 30. Nxa7 {[%clk 0:20:54]}  Rxd5 {[%clk 0:11:19]} 31. Rc3 {[%clk 0:21:12]}  Nd4 {[%clk 0:10:05]} 32. Rc7 {[%clk 0:20:02]}  b6 {[%clk 0:06:09]} 33. h4 {[%clk 0:19:53]}  Re5 {[%clk 0:03:20]} 34. Rd7 {[%clk 0:10:21]}  Re7 {[%clk 0:03:07]} 35. Rxe7 {[%clk 0:03:53]}  Bxe7 {[%clk 0:03:36]} 36. Nc8 {[%clk 0:04:17]}  Bd8 {[%clk 0:03:36]} 37. a4 {[%clk 0:01:55]}  Kf8 {[%clk 0:01:44]} 38. Bc4 {[%clk 0:02:10]}  Nc6 {[%clk 0:00:37]} 39. b5 {[%clk 0:02:06]}  Ne5 {[%clk 0:01:02]} 40. Bd5 {[%clk 0:02:14]}  Nd3 {[%clk 0:00:47]} 41. Be4 {[%clk 0:29:00]}  Nc5 {[%clk 0:27:18]} 42. Bc2 {[%clk 0:29:24]}  Ke8 {[%clk 0:24:49]} 43. g3 {[%clk 0:29:41]}  Nb7 {[%clk 0:20:10]} 44. Na7 {[%clk 0:26:29]}  Na5 {[%clk 0:19:08]} 45. Be4 {[%clk 0:26:44]}  Bc7 {[%clk 0:15:40]} 46. f4 {[%clk 0:22:34]}  Bb8 {[%clk 0:14:38]} 47. Nc6 {[%clk 0:21:30]}  Nxc6 {[%clk 0:14:25]} 48. bxc6 {[%clk 0:21:42]}  Ke7 {[%clk 0:09:40]} 49. Kg2 {[%clk 0:21:55]}  Bc7 {[%clk 0:05:03]} 50. h5 {[%clk 0:21:10]}  f5 {[%clk 0:02:50]} 51. Bd5 {[%clk 0:06:53]}  gxh5 {[%clk 0:02:50]} 52. Kh3 {[%clk 0:06:46]}  Bd8 {[%clk 0:01:19]} 53. Bg8 {[%clk 0:06:36]}  h6 {[%clk 0:01:18]} 54. Bc4 {[%clk 0:01:45]}  Kd6 {[%clk 0:01:21]} 55. Bb5 {[%clk 0:02:11]}  Bf6 {[%clk 0:01:30]} 56. Bd3 {[%clk 0:02:22]}  Kxc6 {[%clk 0:01:55]} 57. Bxf5 {[%clk 0:02:50]}  Kd6 {[%clk 0:02:17]} 58. Bb1 {[%clk 0:03:17]}  Ke7 {[%clk 0:02:41]} 59. Bc2 {[%clk 0:03:45]}  Kf8 {[%clk 0:03:05]} 60. Bb1 {[%clk 0:04:13]}  Kg7 {[%clk 0:03:29]} 61. Bc2 {[%clk 0:04:39]}  Kf8 {[%clk 0:03:42]} 62. Bb1 {[%clk 0:05:09]}  Kg7 {[%clk 0:04:07]} 63. Bc2 {[%clk 0:05:37]}  Kf8 {[%clk 0:04:31]} 64. Bb1 {[%clk 0:06:05]}  Kg7 {[%clk 0:04:07]} 1/2-1/2

[Event "Open"]
[Site "Saint Louis, US"]
[Date "2025.10.12"]
[Round "1"]
[White "Swiercz, Dariusz"]
[Black "Robson, Ray"]
[Result "1/2-1/2"]
[Board "6"]
[WhiteFideId "1126881"]
[BlackFideId "2023970"]
[WhiteTitle "GM"]
[BlackTitle "GM"]
[WhiteElo "2577"]
[BlackElo "2664"]
[WhiteTeam "USA"]
[BlackTeam "USA"]
[WhiteClock "0:03:51"]
[BlackClock "0:04:09"]
[Variant "Standard"]

1. e4 {[%clk 1:30:57]}  e5 {[%clk 1:30:48]} 2. Nf3 {[%clk 1:31:19]}  Nf6 {[%clk 1:31:02]} 3. d4 {[%clk 1:30:50]}  Nxe4 {[%clk 1:31:19]} 4. Bd3 {[%clk 1:31:15]}  d5 {[%clk 1:31:31]} 5. Nxe5 {[%clk 1:31:31]}  Nd7 {[%clk 1:31:42]} 6. Nc3 {[%clk 1:30:30]}  Nxc3 {[%clk 1:30:16]} 7. bxc3 {[%clk 1:30:31]}  Bd6 {[%clk 1:29:40]} 8. O-O {[%clk 1:28:01]}  O-O {[%clk 1:29:52]} 9. Re1 {[%clk 1:26:08]}  c5 {[%clk 1:29:47]} 10. Qf3 {[%clk 1:20:57]}  c4 {[%clk 1:28:51]} 11. Bf5 {[%clk 1:21:21]}  Nxe5 {[%clk 1:18:14]} 12. dxe5 {[%clk 1:21:11]}  Bc5 {[%clk 1:12:41]} 13. Bxc8 {[%clk 0:35:34]}  Rxc8 {[%clk 1:12:13]} 14. Bf4 {[%clk 0:35:22]}  Qd7 {[%clk 0:53:10]} 15. Rad1 {[%clk 0:28:06]}  Rcd8 {[%clk 0:21:18]} 16. Bg5 {[%clk 0:26:59]}  Be7 {[%clk 0:19:26]} 17. Bxe7 {[%clk 0:24:06]}  Qxe7 {[%clk 0:19:54]} 18. Rxd5 {[%clk 0:24:29]}  Qa3 {[%clk 0:18:47]} 19. Rxd8 {[%clk 0:21:55]}  Rxd8 {[%clk 0:19:14]} 20. Qxb7 {[%clk 0:21:44]}  Qxc3 {[%clk 0:17:32]} 21. Qe4 {[%clk 0:21:51]}  h6 {[%clk 0:16:55]} 22. g3 {[%clk 0:12:16]}  Qa5 {[%clk 0:15:35]} 23. e6 {[%clk 0:04:06]}  fxe6 {[%clk 0:15:41]} 24. Qxe6+ {[%clk 0:04:35]}  Kh8 {[%clk 0:15:39]} 25. Qe7 {[%clk 0:04:54]}  Rb8 {[%clk 0:14:17]} 26. a3 {[%clk 0:04:52]}  Qc3 {[%clk 0:13:05]} 27. Qe4 {[%clk 0:04:22]}  Qxa3 {[%clk 0:11:46]} 28. Qxc4 {[%clk 0:04:51]}  a5 {[%clk 0:10:50]} 29. Kg2 {[%clk 0:01:37]}  Qb4 {[%clk 0:08:08]} 30. Qxb4 {[%clk 0:01:49]}  axb4 {[%clk 0:07:22]} 31. Rb1 {[%clk 0:01:42]}  Rc8 {[%clk 0:06:49]} 32. Rb2 {[%clk 0:02:03]}  g5 {[%clk 0:04:32]} 33. Kf3 {[%clk 0:02:10]}  Kg7 {[%clk 0:04:23]} 34. Ke3 {[%clk 0:00:59]}  Rc3+ {[%clk 0:04:09]} 35. Kd2 {[%clk 0:00:50]}  Rf3 {[%clk 0:04:05]} 36. Ke2 {[%clk 0:01:10]}  Rc3 {[%clk 0:04:28]} 37. Kd2 {[%clk 0:01:10]}  Rf3 {[%clk 0:04:55]} 38. Ke2 {[%clk 0:01:38]}  Rc3 {[%clk 0:05:18]} 39. h3 {[%clk 0:00:36]}  h5 {[%clk 0:03:36]} 40. Kd1 {[%clk 0:00:56]}  Rf3 {[%clk 0:03:27]} 41. Rxb4 {[%clk 0:26:24]}  Rxf2 {[%clk 0:33:44]} 42. g4 {[%clk 0:26:51]}  Rh2 {[%clk 0:09:04]} 43. Rb3 {[%clk 0:26:06]}  Rh1+ {[%clk 0:08:03]} 44. Kd2 {[%clk 0:26:24]}  Rh2+ {[%clk 0:08:14]} 45. Kc1 {[%clk 0:25:29]}  Rh1+ {[%clk 0:04:29]} 46. Kb2 {[%clk 0:25:20]}  hxg4 {[%clk 0:04:43]} 47. hxg4 {[%clk 0:25:46]}  Re1 {[%clk 0:02:24]} 48. Rb4 {[%clk 0:12:33]}  Kf6 {[%clk 0:02:14]} 49. Kb3 {[%clk 0:06:08]}  Ke5 {[%clk 0:01:18]} 50. Kc4 {[%clk 0:04:00]}  Rg1 {[%clk 0:00:20]} 51. Kb5 {[%clk 0:03:14]}  Rg3 {[%clk 0:00:52]} 52. Rc4 {[%clk 0:02:59]}  Rf3 {[%clk 0:00:53]} 53. Kb4 {[%clk 0:01:20]}  Rg3 {[%clk 0:00:56]} 54. c3 {[%clk 0:01:01]}  Rf3 {[%clk 0:00:51]} 55. Rd4 {[%clk 0:00:51]}  Rg3 {[%clk 0:01:00]} 56. Kc4 {[%clk 0:01:08]}  Rf3 {[%clk 0:01:01]} 57. Kb3 {[%clk 0:00:55]}  Rg3 {[%clk 0:01:13]} 58. Rb4 {[%clk 0:00:54]}  Rf3 {[%clk 0:01:12]} 59. Ra4 {[%clk 0:00:53]}  Rg3 {[%clk 0:01:14]} 60. Rc4 {[%clk 0:00:54]}  Rf3 {[%clk 0:00:59]} 61. Kb4 {[%clk 0:00:55]}  Rf4 {[%clk 0:00:37]} 62. Kb5 {[%clk 0:00:39]}  Rxc4 {[%clk 0:00:39]} 63. Kxc4 {[%clk 0:01:08]}  Kf4 {[%clk 0:01:04]} 64. Kd5 {[%clk 0:00:47]}  Kxg4 {[%clk 0:01:28]} 65. c4 {[%clk 0:01:16]}  Kf3 {[%clk 0:01:39]} 66. c5 {[%clk 0:01:42]}  g4 {[%clk 0:02:04]} 67. c6 {[%clk 0:02:10]}  g3 {[%clk 0:02:30]} 68. c7 {[%clk 0:02:37]}  g2 {[%clk 0:02:56]} 69. c8=Q {[%clk 0:03:04]}  g1=Q {[%clk 0:03:19]} 70. Qh3+ {[%clk 0:03:24]}  Qg3 {[%clk 0:03:43]} 71. Qxg3+ {[%clk 0:03:51]}  Kxg3 {[%clk 0:04:09]} 1/2-1/2

[Event "Open"]
[Site "Saint Louis, US"]
[Date "2025.10.13"]
[Round "2"]
[White "Oparin, Grigoriy"]
[Black "Niemann, Hans Moke"]
[Result "1/2-1/2"]
[Board "1"]
[WhiteFideId "24125890"]
[BlackFideId "2093596"]
[WhiteTitle "GM"]
[BlackTitle "GM"]
[WhiteElo "2661"]
[BlackElo "2738"]
[WhiteTeam "USA"]
[BlackTeam "USA"]
[WhiteClock "0:10:27"]
[BlackClock "0:13:58"]
[Variant "Standard"]

1. d4 {[%clk 1:30:57]}  Nf6 {[%clk 1:30:21]} 2. c4 {[%clk 1:31:10]}  e6 {[%clk 1:30:41]} 3. Nc3 {[%clk 1:31:33]}  Bb4 {[%clk 1:30:39]} 4. Qc2 {[%clk 1:31:56]}  O-O {[%clk 1:23:09]} 5. a3 {[%clk 1:32:13]}  Bxc3+ {[%clk 1:23:25]} 6. bxc3 {[%clk 1:32:39]}  d5 {[%clk 1:22:17]} 7. Nf3 {[%clk 1:32:00]}  c5 {[%clk 1:21:16]} 8. e3 {[%clk 1:31:33]}  Nc6 {[%clk 1:19:29]} 9. dxc5 {[%clk 1:29:04]}  e5 {[%clk 1:18:49]} 10. a4 {[%clk 1:24:15]}  Bg4 {[%clk 1:18:19]} 11. Ba3 {[%clk 1:13:17]}  Re8 {[%clk 0:52:11]} 12. O-O-O {[%clk 1:09:54]}  e4 {[%clk 0:42:05]} 13. h3 {[%clk 1:06:26]}  Be6 {[%clk 0:27:34]} 14. cxd5 {[%clk 0:45:58]}  Nxd5 {[%clk 0:27:54]} 15. c4 {[%clk 0:46:08]}  Qf6 {[%clk 0:28:15]} 16. Bb2 {[%clk 0:45:37]}  Ndb4 {[%clk 0:28:20]} 17. Bxf6 {[%clk 0:45:53]}  Nxc2 {[%clk 0:28:44]} 18. Kxc2 {[%clk 0:45:50]}  gxf6 {[%clk 0:28:10]} 19. Nd4 {[%clk 0:45:09]}  Ne5 {[%clk 0:27:26]} 20. Kc3 {[%clk 0:37:17]}  Rac8 {[%clk 0:21:47]} 21. Nb3 {[%clk 0:32:15]}  Nd7 {[%clk 0:15:57]} 22. Rd4 {[%clk 0:29:59]}  Nxc5 {[%clk 0:14:00]} 23. Nxc5 {[%clk 0:30:20]}  Rxc5 {[%clk 0:14:24]} 24. Rxe4 {[%clk 0:29:43]}  Ra5 {[%clk 0:14:41]} 25. Kb4 {[%clk 0:27:59]}  Rxa4+ {[%clk 0:15:05]} 26. Kxa4 {[%clk 0:28:25]}  Bd7+ {[%clk 0:15:31]} 27. Kb4 {[%clk 0:28:50]}  Rxe4 {[%clk 0:15:55]} 28. Bd3 {[%clk 0:29:16]}  Re5 {[%clk 0:16:14]} 29. Ra1 {[%clk 0:29:12]}  Bc6 {[%clk 0:15:18]} 30. Rxa7 {[%clk 0:10:12]}  Bxg2 {[%clk 0:15:38]} 31. Ra1 {[%clk 0:09:18]}  Bxh3 {[%clk 0:12:50]} 32. Rh1 {[%clk 0:09:45]}  Bd7 {[%clk 0:12:50]} 33. Bxh7+ {[%clk 0:09:55]}  Kf8 {[%clk 0:13:06]} 34. Bd3 {[%clk 0:09:49]}  Ke7 {[%clk 0:12:19]} 35. Rh4 {[%clk 0:08:45]}  b6 {[%clk 0:12:35]} 36. Rh8 {[%clk 0:08:46]}  Kd6 {[%clk 0:12:54]} 37. Rh6 {[%clk 0:09:06]}  Ke7 {[%clk 0:13:19]} 38. Rh8 {[%clk 0:09:33]}  Kd6 {[%clk 0:13:45]} 39. Rh6 {[%clk 0:10:00]}  Ke7 {[%clk 0:14:08]} 40. Rh8 {[%clk 0:10:27]}  Kd6 {[%clk 0:13:58]} 1/2-1/2